00330 a2200133 450000100060000002000150000604000220002110000300004324000420007324500370011530000110015236200090016365000240017258755 a8532249116 cAnchieta - Pituba aLima, Lizânias de Souza10aHistória por eixos temáticoslpor10aHistória por eixos temáticos a280/480 a2002 4aHistória do mundo